[Event "8. Kurz-Open Buchen im Odenwald 2019"]
[Site "Buchen im Odenwald"]
[Date "2019.09.07"]
[Round "2.5"]
[White "Podat, Vladimir"]
[Black "Floerchinger, Peter"]
[Result "1-0"]
[WhiteElo "2293"]
[BlackElo "1950"]
[PlyCount "93"]
[EventDate "2019.09.06"]

1. d4 Nf6 2. c4 g6 3. Nc3 Bg7 4. e4 d6 5. f3 O-O 6. Be3 Nbd7 7. Nge2 c5 8. Qd2
cxd4 9. Nxd4 Ne5 10. Be2 Bd7 11. O-O Nc6 12. Rfc1 Nxd4 13. Bxd4 Bc6 14. b4 b6
15. Rab1 Nd7 16. Be3 Rc8 17. Nd5 f5 18. Nf4 Qe8 19. Ne6 Rf6 20. Nxg7 Kxg7 21.
Bg5 Rf7 22. exf5 Rxf5 23. Bd3 Rf7 24. Bh6+ Kg8 25. c5 Ne5 26. cxd6 exd6 27. Be2
Qe6 28. b5 Bb7 29. Rxc8+ Bxc8 30. f4 Qf5 31. Rf1 Ng4 32. Bxg4 Qc5+ 33. Kh1 Bxg4
34. Re1 Rf6 35. Re8+ Kf7 36. Rf8+ Ke7 37. Ra8 Bd7 38. Bg5 Qxg5 39. Qe2+ Re6 40.
Qxe6+ Kxe6 41. fxg5 Bxb5 42. Rxa7 Bc4 43. a3 Kf5 44. h4 Kg4 45. Rxh7 d5 46. Kh2
d4 47. Rd7 1-0

[Event "8. Kurz-Open Buchen im Odenwald 2019"]
[Site "Buchen im Odenwald"]
[Date "2019.09.07"]
[Round "2.6"]
[White "Eisenbeiser, Karlheinz"]
[Black "Pogan, Nikolas"]
[Result "1/2-1/2"]
[WhiteElo "1931"]
[BlackElo "2251"]
[PlyCount "49"]
[EventDate "2019.09.06"]

1. e4 c6 2. d3 d5 3. Nd2 g6 4. Ngf3 Bg7 5. g3 Nf6 6. e5 Nfd7 7. d4 c5 8. c3 b6
9. Bg2 Ba6 10. Bf1 Qc8 11. Bxa6 Qxa6 12. Qe2 O-O 13. h4 Rc8 14. h5 Qxe2+ 15.
Kxe2 Nc6 16. hxg6 hxg6 17. Nb3 c4 18. Nbd2 b5 19. Nf1 b4 20. Ne3 e6 21. Bd2 a5
22. Ng4 Nb6 23. a4 Ra7 24. Bg5 Nd7 25. Nf6+ 1/2-1/2

[Event "8. Kurz-Open Buchen im Odenwald 2019"]
[Site "Buchen im Odenwald"]
[Date "2019.09.07"]
[Round "2.7"]
[White "Guelsen, Taylan"]
[Black "Behringer, Daniel"]
[Result "1-0"]
[WhiteElo "2162"]
[BlackElo "1939"]
[PlyCount "73"]
[EventDate "2019.09.06"]

1. d4 d5 2. c4 e6 3. g3 Nf6 4. Nf3 Bb4+ 5. Bd2 Bd6 6. c5 Be7 7. b4 b6 8. Nc3 a5
9. a3 O-O 10. Bg2 Bb7 11. O-O Ne4 12. Qc2 Nxd2 13. Qxd2 Nd7 14. Rfd1 f5 15. Qe3
Rf6 16. Ng5 Nf8 17. f4 c6 18. Na4 b5 19. Nb6 Ra6 20. a4 Rxb6 21. cxb6 Bxb4 22.
Qb3 Qxb6 23. e3 bxa4 24. Rxa4 Ba6 25. Bf1 Bxf1 26. Rxf1 Nd7 27. Raa1 h6 28. Nf3
Rf8 29. Rfc1 Rc8 30. Qa4 Qb7 31. Rab1 Nb6 32. Qa2 Nd7 33. Qxa5 c5 34. dxc5 Rxc5
35. Rxc5 Bxa5 36. Rxb7 Nxc5 37. Rb5 1-0

[Event "8. Kurz-Open Buchen im Odenwald 2019"]
[Site "Buchen im Odenwald"]
[Date "2019.09.07"]
[Round "2.8"]
[White "Bertz, Uwe"]
[Black "Jerie, Sven"]
[Result "1/2-1/2"]
[WhiteElo "1921"]
[BlackElo "2061"]
[PlyCount "49"]
[EventDate "2019.09.06"]

1. e4 e5 2. Nf3 Nc6 3. Bc4 Nf6 4. Qe2 Be7 5. c3 d6 6. h3 a6 7. O-O O-O 8. d4
exd4 9. cxd4 d5 10. exd5 Nxd5 11. Nc3 Nxc3 12. bxc3 Bf5 13. Bf4 Na5 14. Rfe1
Bf6 15. g4 Nxc4 16. Qxc4 Be6 17. Qxc7 Qd5 18. Re3 h6 19. Qb6 Qd7 20. Bg3 Rac8
21. a3 Rc6 22. Qb2 Bd5 23. Rae1 Re6 24. Rxe6 Bxe6 25. Nd2 1/2-1/2


[Site "Buchen im Odenwald"]
[Date "2019.09.07"]
[Round "2.9"]
[White "Herbold, Manfred"]
[Black "Baum, Michael"]
[Result "1/2-1/2"]
[WhiteElo "2053"]
[BlackElo "1930"]
[PlyCount "25"]
[EventDate "2019.09.06"]

1. e4 Nf6 2. Nc3 d5 3. d3 dxe4 4. Bg5 Bf5 5. Bxf6 exf6 6. dxe4 Qxd1+ 7. Rxd1
Be6 8. Nd5 Bd6 9. Nf3 Nd7 10. Nd4 a6 11. Be2 O-O-O 12. O-O c6 13. Ne3 1/2-1/2


[Site "Buchen im Odenwald"]
[Date "2019.09.07"]
[Round "2.10"]
[White "Schallner, Marc"]
[Black "Kail, Oliver"]
[Result "1-0"]
[WhiteElo "2041"]
[BlackElo "1400"]
[PlyCount "37"]
[EventDate "2019.09.06"]

{[%evp 0,37,21,21,27,13,13,15,13,13,7,4,21,0,24,19,86,48,94,89,93,80,110,114,
178,178,185,157,591,591,1051,1162,1721,472,29989,29990,29991,29992,29993,29994]
} 1. e4 e5 2. Nf3 Nc6 3. Bc4 Bc5 4. d3 Nf6 5. Nc3 O-O 6. Bg5 d6 7. Nd5 Bg4 8.
h3 Bh5 9. g4 Bg6 10. Qd2 Nd4 11. Nxd4 Bxd4 12. c3 Bc5 13. h4 h6 14. Bxf6 gxf6
15. Qxh6 c6 16. Ne3 Qd7 17. Qxg6+ Kh8 18. Qh6+ Kg8 19. Nf5 1-0

[Event "8. Kurz-Open Buchen im Odenwald 2019"]
[Site "Buchen im Odenwald"]
[Date "2019.09.07"]
[Round "2.11"]
[White "Ensslinger, Colin"]
[Black "Steinbach, Peter"]
[Result "0-1"]
[WhiteElo "1666"]
[BlackElo "1920"]
[PlyCount "118"]
[EventDate "2019.09.06"]

1. c4 e5 2. g3 g6 3. Bg2 Bg7 4. Nc3 Ne7 5. e3 O-O 6. Nge2 d6 7. O-O Nbc6 8. d4
Bg4 9. f3 Bf5 10. d5 Na5 11. e4 Bd7 12. Qd3 b6 13. f4 Nb7 14. f5 f6 15. g4 Qc8
16. Qh3 h5 17. Ng3 hxg4 18. Qxg4 Rf7 19. h4 Qf8 20. h5 gxf5 21. exf5 Kh7 22. h6
Bh8 23. Nce4 Nc5 24. Nh5 Qg8 25. Qxg8+ Rxg8 26. Nxc5 bxc5 27. Kf2 Bxf5 28. Bf3
Bd3 29. Rh1 Rg6 30. Ng7 Bxc4 31. Bh5 Bxd5 32. Bxg6+ Nxg6 33. Rh2 Rf8 34. Bd2
Rb8 35. b3 Bxg7 36. hxg7+ Kxg7 37. Rg1 Be4 38. Rh4 d5 39. Ba5 c6 40. Ke3 Rh8
41. Rxh8 Kxh8 42. Bc7 Kg7 43. Bd6 a6 44. Bxc5 f5 45. Bd6 f4+ 46. Ke2 Kf6 47.
Rc1 d4 48. Bb4 f3+ 49. Kf2 Nf4 50. Rd1 Kf5 51. Bd6 Bd5 52. Bc7 Ne2 53. Bb6 Nc3
54. Re1 Nxa2 55. Ra1 Bxb3 56. Kxf3 e4+ 57. Kf2 e3+ 58. Kf3 Bd5+ 59. Ke2 Ke4 0-1


[Site "Buchen im Odenwald"]
[Date "2019.09.07"]
[Round "2.12"]
[White "Trunk, Mika"]
[Black "Huth, Arno"]
[Result "0-1"]
[WhiteElo "1615"]
[BlackElo "2048"]
[PlyCount "82"]
[EventDate "2019.09.06"]

1. d4 Nf6 2. Nf3 g6 3. Bf4 Bg7 4. c3 b6 5. Nbd2 Bb7 6. Qc2 d5 7. e3 Nbd7 8. Be2
Nh5 9. Bg3 Nxg3 10. hxg3 e6 11. a4 c5 12. a5 O-O 13. a6 Bc6 14. O-O Rc8 15. Qb1
Qe7 16. b4 e5 17. Re1 e4 18. Nh2 f5 19. Ra2 Nf6 20. dxc5 bxc5 21. b5 Ba8 22. c4
d4 23. exd4 cxd4 24. Nb3 Nd7 25. Na5 Nc5 26. Nb3 Rfd8 27. Nxc5 Qxc5 28. Bd1 d3
29. Nf1 Bc3 30. Nd2 Kg7 31. Qc1 Qb4 32. Rf1 Bxd2 33. Rxd2 Rxc4 34. Qa1+ Qc3 35.
Qa2 Bd5 36. Bb3 Rc5 37. Bxd5 Rcxd5 38. b6 axb6 39. a7 Ra5 40. Qe6 Rxa7 41. Qxb6
Qd4 0-1

[Event "8. Kurz-Open Buchen im Odenwald 2019"]
[Site "Buchen im Odenwald"]
[Date "2019.09.07"]
[Round "2.13"]
[White "Mueller, Michael"]
[Black "Suliga, Eckhard"]
[Result "1-0"]
[WhiteElo "1893"]
[BlackElo "1662"]
[PlyCount "82"]
[EventDate "2019.09.06"]

1. c4 e5 2. g3 Nf6 3. Nc3 d5 4. cxd5 Nxd5 5. Bg2 Nb6 6. Nf3 Nc6 7. O-O Be7 8.
d3 O-O 9. b3 Bg4 10. Bb2 Qd7 11. e3 Rad8 12. Re1 Qxd3 13. Qxd3 Rxd3 14. h3 Bf5
15. Nb5 a6 16. Nxc7 Rc8 17. e4 Bg6 18. Nxe5 Rd2 19. Nxg6 hxg6 20. Bc1 Rd7 21.
Be3 Rcxc7 22. Bxb6 Rc8 23. Red1 Rd6 24. Rxd6 Bxd6 25. Rd1 Bc7 26. Be3 Rd8 27.
Rxd8+ Bxd8 28. f4 f6 29. Kf2 Bc7 30. Bf1 Bd6 31. Bc4+ Kf8 32. Kf3 Ke7 33. Bd5
Kd7 34. Bf7 g5 35. Kg4 gxf4 36. gxf4 Ke7 37. Bd5 Nd8 38. Kf5 Kf8 39. Kg6 b5 40.
f5 Bb4 41. Be6 Be7 1-0


[Site "Buchen im Odenwald"]
[Date "2019.09.07"]
[Round "2.14"]
[White "Kail, Thomas"]
[Black "Kamm, Guenter"]
[Result "0-1"]
[WhiteElo "1528"]
[BlackElo "1869"]
[PlyCount "78"]
[EventDate "2019.09.06"]

1. e4 c5 2. Nf3 Nc6 3. d4 cxd4 4. Nxd4 Nf6 5. Nxc6 bxc6 6. Bd3 e5 7. c4 Bc5 8.
O-O h6 9. Nc3 d6 10. b3 O-O 11. Qe1 Be6 12. Kh1 Ng4 13. h3 Qh4 14. Be3 Nxe3 15.
fxe3 Qg5 16. Rf3 Bb4 17. Rc1 Rac8 18. Qg3 Qxg3 19. Rxg3 d5 20. Ne2 Rfd8 21.
cxd5 cxd5 22. Rxc8 Rxc8 23. exd5 Bxd5 24. e4 Be6 25. Rf3 g6 26. Kg1 Kf8 27. Kf1
Ke7 28. Kf2 h5 29. Ke3 Rc5 30. Rf1 Ba3 31. Rd1 f5 32. exf5 gxf5 33. Rd2 Rc8 34.
Rc2 Bc5+ 35. Kd2 h4 36. Bc4 Bb4+ 37. Ke3 Bd5 38. g3 hxg3 39. Nxg3 f4+ 0-1

[Event "8. Kurz-Open Buchen im Odenwald 2019"]
[Site "Buchen im Odenwald"]
[Date "2019.09.07"]
[Round "2.15"]
[White "Stierle, Martin"]
[Black "Marocsik, Ferenc"]
[Result "1/2-1/2"]
[WhiteElo "1835"]
[BlackElo "1606"]
[PlyCount "55"]
[EventDate "2019.09.06"]

1. d4 Nf6 2. c4 e5 3. dxe5 Ng4 4. Nf3 Bc5 5. e3 Nc6 6. Nc3 Ngxe5 7. Nxe5 Nxe5
8. Be2 d6 9. O-O Be6 10. b3 O-O 11. Bb2 a6 12. Ne4 Ba7 13. c5 d5 14. Ng3 Nd7
15. b4 c6 16. Nh5 f6 17. f4 Bb8 18. Qc2 Bf7 19. Ng3 Qe8 20. Bd4 Bc7 21. Bd3 Bg6
22. Bxg6 Qxg6 23. Nf5 Rfe8 24. Rf3 Re4 25. Ng3 Re7 26. Nf5 Re4 27. Ng3 Re7 28.
Nf5 1/2-1/2


[Site "Buchen im Odenwald"]
[Date "2019.09.07"]
[Round "2.16"]
[White "Goette, Johannes"]
[Black "Simbikangwa, Philippe"]
[Result "0-1"]
[BlackElo "1828"]
[PlyCount "58"]
[EventDate "2019.09.06"]

1. e4 g6 2. d4 Bg7 3. Be3 d5 4. Nc3 dxe4 5. f3 exf3 6. Nxf3 Nf6 7. Bc4 O-O 8.
Ne5 c6 9. Qf3 Nbd7 10. O-O-O Nb6 11. Bb3 Nbd5 12. Nxd5 cxd5 13. h4 h5 14. Rdg1
Bg4 15. Qf4 a5 16. c3 a4 17. Nxg4 Nxg4 18. Bd1 Bh6 19. Qxh6 Nxh6 20. Bxh6 a3
21. b3 Qc7 22. Kc2 Qg3 23. Re1 Qxg2+ 24. Bd2 Kh7 25. Rhg1 Qh2 26. Bxh5 gxh5 27.
Rg5 Rg8 28. Rxh5+ Kg7 29. Rxe7 Rge8 0-1

[Event "Buchen im Odenwald"]
[Site "Buchen im Odenwald"]
[Date "2019.09.07"]
[Round "2.17"]
[White "Englert, Fred"]
[Black "Kozlowski, Stephan"]
[Result "1/2-1/2"]
[WhiteElo "1818"]
[PlyCount "86"]
[EventDate "2019.09.06"]

{[%evp 0,87,19,-12,-9,-51,34,24,6,19,-4,6,-13,11,1,17,21,27,35,26,65,7,69,49,
85,56,61,49,68,43,86,80,80,62,79,74,80,70,70,21,46,19,38,35,52,-37,38,52,101,
79,78,43,35,38,34,18,42,24,65,64,178,168,180,99,183,167,175,163,222,134,182,
195,308,308,304,282,535,223,266,271,314,271,314,155,206,119,122,90,103,-994]} 
1. c4 Nf6 2. g3 g6 3. Bg2 Bg7 4. Nc3 O-O 5. Nf3 d5 6. cxd5 Nxd5 7. O-O Nxc3 8.
bxc3 c6 9. d4 Be6 10. e4 Bg4 11. Qb3 Qb6 12. Be3 Nd7 13. Qc2 Qc7 14. Rab1 Bxf3
15. Bxf3 e5 16. Bg4 b6 17. Rfd1 Rad8 18. Kg2 Rfe8 19. Bg5 Nf6 20. Bf3 h6 21.
Be3 Qc8 22. Qa4 Qc7 23. dxe5 Rxd1 24. Rxd1 Nd7 25. e6 Rxe6 26. Bg4 Re7 27. Qa3
Ne5 28. Bf4 g5 29. Bxe5 Rxe5 30. Rd7 Qb8 31. Rxa7 Ra5 32. Rxa5 bxa5 33. Qxa5
Qd6 34. Bf5 c5 35. Qa8+ Bf8 36. a4 h5 37. a5 g4 38. Qd5 Qa6 39. Qd8 Qe2 40.
Qg5+ Bg7 41. Qe3 Qb5 42. a6 Qxa6 43. Qxc5 Qd3 {nicht weiter nachvollziehbar.}
1/2-1/2


[Site "Buchen im Odenwald"]
[Date "2019.09.07"]
[Round "2.18"]
[White "Alibrahim, Abdalalim"]
[Black "Kail, Sindy"]
[Result "1-0"]
[BlackElo "1792"]
[PlyCount "69"]
[EventDate "2019.09.06"]

1. e4 c5 2. Nf3 d6 3. d4 cxd4 4. Nxd4 Nf6 5. Nc3 a6 6. Bg5 Nbd7 7. Bc4 Qc7 8.
Qe2 e6 9. O-O-O b5 10. Bb3 Bb7 11. f3 Nc5 12. Bxf6 gxf6 13. Kb1 O-O-O 14. a3 f5
15. Ba2 fxe4 16. b4 exf3 17. gxf3 Nd7 18. Ne4 Nb6 19. Rd3 Bd5 20. Nb3 Bc4 21.
Rhd1 Kb8 22. Nbc5 Bxd3 23. Qxd3 Qa7 24. Nb3 Nc4 25. Nd4 Ne5 26. Qe3 Qb6 27. f4
Nc6 28. Nxc6+ Qxc6 29. f5 Rc8 30. Bb3 h6 31. fxe6 fxe6 32. Nf6 e5 33. Rd2 Be7
34. Bd5 Qc7 35. Nd7+ 1-0


[Site "Buchen im Odenwald"]
[Date "2019.09.07"]
[Round "2.19"]
[White "Wolff, Sidney Robert"]
[Black "Zalles, Ian"]
[Result "1-0"]
[WhiteElo "1722"]
[PlyCount "31"]
[EventDate "2019.09.06"]

1. e4 c5 2. Bc4 d6 3. Nc3 e6 4. f4 Nc6 5. Nf3 Qc7 6. d4 cxd4 7. Nxd4 Nxd4 8.
Qxd4 Bd7 9. Be2 Be7 10. Be3 Bf6 11. Qd2 a6 12. Rd1 Bxc3 13. Qxc3 Bc6 14. Qxg7
Ke7 15. e5 dxe5 16. Bc5+ 1-0


[Site "Buchen im Odenwald"]
[Date "2019.09.07"]
[Round "2.20"]
[White "Wolff, Calvin"]
[Black "Friesen, Arthur"]
[Result "0-1"]
[WhiteElo "1136"]
[BlackElo "1707"]
[PlyCount "76"]
[EventDate "2019.09.06"]

1. e4 c5 2. Nc3 a6 3. a4 d6 4. f4 Nc6 5. Nf3 g6 6. Bc4 e6 7. d3 Nge7 8. O-O Bg7
9. Qe1 O-O 10. Qh4 d5 11. exd5 exd5 12. Bb3 Be6 13. Ng5 h6 14. Nxe6 fxe6 15.
Qg4 Nd4 16. Ne2 Nxb3 17. cxb3 Qd6 18. Nc3 Kh7 19. Re1 Nf5 20. Ne2 Rae8 21. Ng3
Nd4 22. Ra3 Nc2 23. Re2 Nxa3 24. bxa3 b5 25. axb5 axb5 26. Bd2 Qa6 27. a4 bxa4
28. bxa4 Qxa4 29. Rxe6 Rxe6 30. Qxe6 Qd1+ 31. Nf1 Bd4+ 32. Be3 Bxe3+ 33. Qxe3
Qg4 34. Qxc5 Qxf4 35. Qe7+ Rf7 36. Qe2 Qd4+ 37. Qe3 Rxf1+ 38. Kxf1 Qxe3 0-1

[Event "8. Kurz-Open Buchen im Odenwald 2019"]
[Site "8. Kurz-Open Buchen im Odenwal"]
[Date "2019.09.07"]
[Round "3.1"]
[White "Podat, Vladimir"]
[Black "Eisenbeiser, Amadeus"]
[Result "1/2-1/2"]
[WhiteElo "2293"]
[BlackElo "2383"]
[PlyCount "48"]
[EventDate "2019.09.06"]

1. d4 d6 2. Nf3 g6 3. e4 Bg7 4. Bc4 e6 5. O-O Ne7 6. Re1 a6 7. Bf4 Nd7 8. Bg3
O-O 9. a4 b6 10. Nc3 Bb7 11. Qd2 h6 12. Rad1 Nf6 13. h3 Qd7 14. Bb3 b5 15. Qd3
b4 16. Na2 a5 17. c3 Bc6 18. cxb4 axb4 19. Nxb4 Bxa4 20. e5 Nfd5 21. Nxd5 Nxd5
22. Bxd5 exd5 23. Ra1 Rfb8 24. b3 Bb5 1/2-1/2

[Event "8. Kurz-Open Buchen im Odenwald 2019"]
[Site "8. Kurz-Open Buchen im Odenwal"]
[Date "2019.09.07"]
[Round "3.2"]
[White "Becker, Matthias"]
[Black "Guelsen, Taylan"]
[Result "1-0"]
[WhiteElo "2308"]
[BlackElo "2162"]
[PlyCount "57"]
[EventDate "2019.09.06"]

{[%evp 0,57,27,21,26,24,56,48,84,30,22,-1,9,3,-14,-13,-16,0,4,10,14,-9,-5,-8,
37,-34,-11,-15,15,-85,-72,-39,-32,-85,5,0,17,19,24,6,18,-12,0,8,18,-46,-46,-46,
-55,-77,-100,-50,-50,-46,-46,-46,-56,-73,251,251]} 1. d4 Nf6 2. Nf3 c5 3. e3 g6
4. b3 cxd4 5. Nxd4 Bg7 6. Bb2 O-O 7. Be2 Nc6 8. O-O Nxd4 9. Bxd4 d5 10. c4 dxc4
11. Bxc4 Bg4 12. Qc2 Rc8 13. Qb2 a6 14. Re1 b5 15. Bf1 Bf5 16. e4 Be6 17. Nd2
Qd7 18. Nf3 Qb7 19. Ng5 Bd7 20. e5 Nh5 21. e6 fxe6 22. Nxe6 Bxe6 23. Rxe6 Rc2
24. Qxc2 Bxd4 25. Qd1 Bxf2+ 26. Kh1 Nf4 27. Re5 Ba7 28. b4 Nh3 29. Qb3+ 1-0


[Site "8. Kurz-Open Buchen im Odenwal"]
[Date "2019.09.07"]
[Round "3.3"]
[White "Zuferi, Enis"]
[Black "Schallner, Marc"]
[Result "1-0"]
[WhiteElo "2299"]
[BlackElo "2041"]
[PlyCount "109"]
[EventDate "2019.09.06"]

1. Nf3 d5 2. g3 Nf6 3. Bg2 c6 4. O-O Bf5 5. c4 e6 6. Qb3 Qb6 7. d3 Nbd7 8. Nc3
Be7 9. Be3 Qxb3 10. axb3 a6 11. Nh4 Bg4 12. h3 Bh5 13. g4 Bg6 14. Nxg6 hxg6 15.
d4 Bd6 16. Rfd1 O-O 17. Bd2 Rfe8 18. g5 Nh5 19. e3 f6 20. h4 Rf8 21. cxd5 exd5
22. Nxd5 cxd5 23. Bxd5+ Kh7 24. Bxb7 Ra7 25. Bc6 Nb8 26. Bd5 Be7 27. f4 Ng3 28.
Kg2 Nf5 29. Rdc1 Rd8 30. Be6 Nd7 31. Ra5 Nd6 32. Rc6 Nb8 33. Rc2 Ne4 34. Be1 f5
35. h5 Rf8 36. Rc8 Rxc8 37. hxg6+ Kxg6 38. Bxf5+ Kf7 39. Bxc8 Rc7 40. Bf5 Nd6
41. Bd3 g6 42. Bc3 Rb7 43. Ra1 Nb5 44. Bd2 Kg7 45. d5 Nd7 46. Rxa6 Nc5 47.
Rxg6+ Kf7 48. Bc2 Nxb3 49. Bc3 Nxc3 50. bxc3 Nc5 51. Bf5 Rb3 52. d6 Rxc3 53.
dxe7 Rxe3 54. Rc6 Nb7 55. Bg6+ 1-0

[Event "8. Kurz-Open Buchen im Odenwald 2019"]
[Site "8. Kurz-Open Buchen im Odenwal"]
[Date "2019.09.07"]
[Round "3.4"]
[White "Baum, Michael"]
[Black "Junesch, Gerhard"]
[Result "1/2-1/2"]
[WhiteElo "1930"]
[BlackElo "2303"]
[PlyCount "96"]
[EventDate "2019.09.06"]

1. b3 b6 2. Bb2 Bb7 3. e3 Nf6 4. f4 e6 5. Nf3 Be7 6. Be2 c5 7. O-O O-O 8. Ne5
d6 9. Bf3 Qc7 10. Bxb7 Qxb7 11. Ng4 Nbd7 12. c4 a6 13. Nc3 b5 14. Rb1 Nxg4 15.
Qxg4 f5 16. Qe2 Nf6 17. h3 d5 18. g4 b4 19. Nd1 Ne4 20. Qg2 Bf6 21. gxf5 exf5
22. d3 Nc3 23. Bxc3 bxc3 24. Rc1 Rfe8 25. Re1 Rad8 26. Nxc3 Bxc3 27. Rxc3 Qb4
28. Rcc1 dxc4 29. dxc4 Re6 30. Kh1 Rd2 31. Re2 Rxe2 32. Qxe2 Qb7+ 33. Kh2 Qe4
34. Rd1 Qxf4+ 35. exf4 Rxe2+ 36. Kg3 Rxa2 37. Rd5 Ra3 38. Rxf5 Rxb3+ 39. Kg4 a5
40. Rxc5 a4 41. Ra5 a3 42. c5 Re3 43. h4 Kf7 44. Ra7+ Kf6 45. Ra6+ Ke7 46. Ra7+
Kf6 47. Ra6+ Ke7 48. Ra7+ Kf6 1/2-1/2

[Event "8. Kurz-Open Buchen im Odenwald 2019"]
[Site "8. Kurz-Open Buchen im Odenwal"]
[Date "2019.09.07"]
[Round "3.5"]
[White "Pogan, Nikolas"]
[Black "Bertz, Uwe"]
[Result "1-0"]
[WhiteElo "2251"]
[BlackElo "1921"]
[PlyCount "123"]
[EventDate "2019.09.06"]

1. d4 Nf6 2. c4 e6 3. g3 Bb4+ 4. Nd2 d5 5. Bg2 c6 6. Qc2 Nbd7 7. Ngf3 Ne4 8. a3
Bxd2+ 9. Nxd2 Nxd2 10. Bxd2 O-O 11. O-O Nf6 12. b4 Bd7 13. a4 Qe7 14. Bf4 Nh5
15. Bc1 Rfc8 16. e4 a6 17. Qb3 dxc4 18. Qxc4 b5 19. Qc5 Qxc5 20. bxc5 Nf6 21.
Bd2 Be8 22. f4 Rd8 23. Bc3 b4 24. Bb2 a5 25. Bf3 Rac8 26. Kf2 Rc7 27. Ke3 Bd7
28. g4 Bc8 29. g5 Ne8 30. Rg1 g6 31. h4 Bb7 32. h5 Ba8 33. Rh1 Bb7 34. Be2 Re7
35. Bc4 Nc7 36. Rh4 Kf8 37. Rah1 Rdd7 38. Bb3 Ba6 39. Kd2 Ke8 40. hxg6 fxg6 41.
Ke3 Kf8 42. Bc1 Ke8 43. Bd2 Kf8 44. Be1 Ke8 45. Bg3 Kd8 46. Rh6 Kc8 47. R1h4
Kb7 48. f5 exf5 49. Bxc7 Kxc7 50. e5 Rg7 51. e6 Rde7 52. Kf4 Bb7 53. Ke5 Ba6
54. Rh2 Bc8 55. Kf6 Ba6 56. R6h4 Bb7 57. Rd2 Kb8 58. d5 cxd5 59. Bxd5 Bxd5 60.
Rxd5 Kc7 61. Rd6 Kb7 62. c6+ 1-0

[Event "8. Kurz-Open Buchen im Odenwald 2019"]
[Site "8. Kurz-Open Buchen im Odenwal"]
[Date "2019.09.07"]
[Round "3.6"]
[White "Jerie, Sven"]
[Black "Eisenbeiser, Karlheinz"]
[Result "1-0"]
[WhiteElo "2061"]
[BlackElo "1931"]
[PlyCount "81"]
[EventDate "2019.09.06"]

1. e4 g6 2. d4 Bg7 3. Nf3 d6 4. Bc4 e6 5. Qe2 a6 6. a4 b6 7. Bg5 Ne7 8. c3 h6
9. Bf4 Nd7 10. Nbd2 Bb7 11. h4 e5 12. dxe5 dxe5 13. Bg3 O-O 14. h5 g5 15. O-O
Kh8 16. Rfd1 Qe8 17. Nf1 f5 18. exf5 Nxf5 19. N3d2 Nc5 20. a5 b5 21. Ba2 Nxg3
22. Nxg3 Rd8 23. Nde4 Bxe4 24. Nxe4 Nxe4 25. Qxe4 Rf4 26. Qg6 Ra4 27. Bf7 Qf8
28. Bb3 Rd6 29. Qc2 Rf4 30. Rxd6 cxd6 31. Rd1 Qe7 32. g3 Rf6 33. Qe4 Qa7 34.
Rd2 Bf8 35. Qg4 Qg7 36. Rd3 Be7 37. Rf3 Rxf3 38. Qxf3 Bd8 39. Qa8 Qc7 40. Qd5
Qg7 41. Qxd6 1-0


[Site "8. Kurz-Open Buchen im Odenwal"]
[Date "2019.09.07"]
[Round "3.7"]
[White "Lenhardt, Manfred"]
[Black "Herbold, Manfred"]
[Result "1/2-1/2"]
[WhiteElo "1978"]
[BlackElo "2053"]
[PlyCount "19"]
[EventDate "2019.09.06"]

1. d4 d6 2. Nf3 Bg4 3. e3 Nd7 4. Be2 e5 5. c4 Ngf6 6. Nc3 Be7 7. b3 c6 8. O-O
a5 9. Ba3 O-O 10. Qc2 1/2-1/2

[Event "8. Kurz-Open Buchen im Odenwald 2019"]
[Site "8. Kurz-Open Buchen im Odenwal"]
[Date "2019.09.07"]
[Round "3.8"]
[White "Huth, Arno"]
[Black "Mueller, Michael"]
[Result "1-0"]
[WhiteElo "2048"]
[BlackElo "1893"]
[PlyCount "69"]
[EventDate "2019.09.06"]

1. c4 e5 2. Nc3 Nc6 3. Nf3 Be7 4. g3 f5 5. d4 Nxd4 6. Nxd4 exd4 7. Qxd4 Bf6 8.
Qd3 Ne7 9. Bg2 d6 10. b3 O-O 11. Bd2 Nc6 12. Rd1 Be6 13. Nd5 Ne5 14. Qc2 Qc8
15. O-O Bd8 16. Bc3 Bf7 17. Qb2 c6 18. Ne3 Qe6 19. c5 Bc7 20. cxd6 Bxd6 21.
Rxd6 Qxd6 22. Bxe5 Qg6 23. Bf3 Rad8 24. Ng2 Rd7 25. Nf4 Qh6 26. h4 Rfd8 27. Bc3
a6 28. Ba5 Re8 29. Nh3 Bh5 30. Bxh5 Qxh5 31. Nf4 Qf7 32. Qc2 h6 33. h5 Qf6 34.
Rd1 Rde7 35. Bd8 1-0

[Event "8. Kurz-Open Buchen im Odenwal"]
[Site "8. Kurz-Open Buchen im Odenwal"]
[Date "2019.09.07"]
[Round "3.9"]
[White "Hefner, Felix"]
[Black "Kamm, Guenter"]
[Result "1-0"]
[WhiteElo "2036"]
[BlackElo "1869"]
[PlyCount "81"]
[EventDate "2019.09.06"]

{[%evp 0,43,28,21,30,-9,37,41,49,54,61,62,75,52,54,46,34,33,31,34,35,30,34,28,
38,41,32,44,35,-4,30,-80,-4,0,4,-138,107,-125,-129,-117,32,47,42,-332,58,69]} 
1. d4 Nf6 2. c4 c5 3. d5 b5 4. cxb5 a6 5. bxa6 g6 6. g3 d6 7. Bg2 Bg7 8. Nf3
O-O 9. Nc3 Bxa6 10. Rb1 Nbd7 11. O-O Qb6 12. b3 Rfb8 13. Bb2 Qb4 14. Re1 Ng4
15. Qd2 Nge5 16. Nxe5 Nxe5 17. Ne4 h6 18. f4 Qxd2 19. Nxd2 Ng4 20. Bxg7 Kxg7
21. e4 Bd3 22. Ra1 Ra3 23. h3 Nf6 24. Re3 Bb5 25. Nb1 Ra7 26. Nc3 Ba6 27. Rb1
Nd7 28. Bf1 Bxf1 29. Kxf1 Ra3 30. Kf2 Rb4 31. Rb2 Nb6 32. Nb1 Ra7 33. Nd2 e6
34. dxe6 fxe6 35. Rc2 c4 36. bxc4 Rba4 37. Rd3 Rxa2 38. Rxa2 Rxa2 39. Ke3 Kf6
40. Rxd6 Rxd2 41. e5+ 1-0

[Event "8. Kurz-Open Buchen im Odenwald 2019"]
[Site "8. Kurz-Open Buchen im Odenwal"]
[Date "2019.09.07"]
[Round "3.10"]
[White "Simbikangwa, Philippe"]
[Black "Wambach, Juergen"]
[Result "0-1"]
[WhiteElo "1828"]
[BlackElo "1992"]
[PlyCount "36"]
[EventDate "2019.09.06"]

{[%evp 0,28,20,45,79,66,75,72,58,60,64,50,45,38,70,28,28,28,55,62,51,19,35,0,
51,23,16,18,63,36,136]} 1. e4 d6 2. d4 Nf6 3. Nc3 Nbd7 4. Nf3 e5 5. Bc4 Be7 6.
O-O c6 7. dxe5 dxe5 8. a4 Qc7 9. Qe2 h6 10. b3 Nf8 11. Nh4 g6 12. Bb2 Ne6 13.
Nf3 Nf4 14. Qe3 Bg4 15. Nb5 cxb5 16. Bxe5 Nxg2 17. Bxb5+ Kf8 18. Kxg2 Bxf3+ 0-1

[Event "8. Kurz-Open Buchen im Odenwald 2019"]
[Site "8. Kurz-Open Buchen im Odenwal"]
[Date "2019.09.07"]
[Round "3.11"]
[White "Kail, Oliver"]
[Black "Wenninger, Patrick"]
[Result "0-1"]
[WhiteElo "1400"]
[BlackElo "1954"]
[PlyCount "68"]
[EventDate "2019.09.06"]

1. e4 c6 2. Nf3 d5 3. exd5 cxd5 4. d4 Nc6 5. Nc3 Bg4 6. Bb5 e6 7. O-O Bd6 8.
Re1 Nge7 9. a3 O-O 10. Qd3 Bxf3 11. Qxf3 Nxd4 12. Qd3 Nef5 13. Ne2 Nxb5 14.
Qxb5 Qc7 15. g3 a6 16. Qd3 Rfc8 17. c3 Bc5 18. Nd4 Bxd4 19. cxd4 Qb6 20. Rd1
Rc4 21. Be3 Rac8 22. g4 Nxe3 23. Qxe3 Rc2 24. b4 Qc6 25. Qf4 Qc7 26. Qe3 Rc3
27. Qe2 Rh3 28. f3 Qf4 29. Rd3 h5 30. gxh5 Rxh5 31. Qg2 Rg5 32. Qxg5 Qxg5+ 33.
Kf2 Rc2+ 34. Ke1 Qg1# 0-1